Sledovanie strát nosných svoriek vedení nn = Watching the losses in carrying clamps of hv lines : Dipl.práca /

Gespeichert in:
Bibliographische Detailangaben
1. Verfasser: Blahut, Rastislav (Verfasst von)
Weitere Verfasser: Trančanský, Milan (Betreuung Doktorarbeit)
Format: Manuskript Buch
Veröffentlicht: Bratislava : STU v Bratislave FEI, 1997
Tags: Tag hinzufügen
Keine Tags, Fügen Sie das erste Tag hinzu!

MARC

LEADER 00000ntm a22000003a 4500
001 stu10455
005 20160719164936.2
008 980114s1997----------------------------d
040 |a STU  |b slo 
041 0
100 1 |a Blahut, Rastislav  |4 aut 
245 1 |a Sledovanie strát nosných svoriek vedení nn = Watching the losses in carrying clamps of hv lines :  |b Dipl.práca /  |c [aut.] Blahut,Rastislav; Škol. Trančanský,Milan 
260 |a Bratislava :  |b STU v Bratislave FEI,  |c 1997 
300 |a 60 s 
700 1 |a Trančanský, Milan  |4 ths